Most successful teams in each Motorsport category - Statistics

General Stats
  • This quiz has been taken 104 times
  • The average score is 4 of 7
Answer Stats
Hint Answer % Correct
Formula one Ferrari
99%
Endurance Porsche
81%
Motogp Honda
68%
Nascar Chevrolet
56%
Indycar Chevrolet
56%
Rally Lancia
54%
Formula E Renault
26%
No matching quizzes found
Score Distribution
Percent of People with Each Score
Percentile by Number Answered
Your Score History
You have not taken this quiz